Kluby z ekstraklasy w sezonie 2022/23 - Statystyki

Ogólne statystyki
  • Ten quiz został rozwiązany 110 razy
  • Średni wynik to 14 z 18
Statystyki odpowiedzi
Odpowiedź % Poprawnych
Legia Warszawa
99%
Lech Poznań
97%
Pogoń Szczecin
88%
Śląsk Wrocław
86%
Raków Częstochowa
85%
Lechia Gdańsk
84%
Widzew Łódź
82%
Jagiellonia Białystok
80%
Górnik Zabrze
78%
Korona Kielce
77%
Miedź Legnica
73%
Zagłębie Lubin
72%
Wisła Płock
69%
Stal Mielec
68%
Warta Poznań
67%
Piast Gliwice
66%
Radomiak Radom
65%
Cracovia Kraków
61%
Nie znaleziono quizów pasujących do podanych kryteriów
Rozkład punktacji
Procent ludzi z każdym wynikiem
Percentyl według liczby udzielonych odpowiedzi
Twoja historia wyników
Nie rozwiązałeś tego quizu